00625nam a2200181Ia 4500003000900000008004100009040001600050080002400066100002700090245009600117260003500213300001300248650004100261650001900302942000700321999001500328952010000343IN-BaIIA211028s9999 xx 000 0 eng d cIIA Library a550.3(047.1)bADV-5 aLandsberg, H. E.93316 0aAdvances in geophysicsbvol. 5c H. E. Landsberg,  aNew YorkbAcademic Pressc1958 ax, 325p. aAstronomy and Astrophysics Thesaurus aGeophysics954 cBK c1775d1775 00104070aBANbKODcGENd0000-00-00l0o550.3(047.1)/ ADV-5p1942r2021-11-05w0000-00-00yBK